000 00667nam a2200193 i 4500
001 19846
003 ES-MaACL
005 20230906152157.0
007 t|
008 021022s1924 sp ||||1| spa d
100 1 _aÁlvarez Quintero, Serafín,
_d1871-1938
_9226443
245 1 3 _aLa suerte
_b: sainete /
_cSerafín y Joaquín Alvarez Quintero ; con música de Angel Barrios.
260 _aMadrid :
_b[s.n.],
_c1924 (
_fImp. Clásica Española)
300 _a43 p. ;
_c19 cm.
700 1 _aÁlvarez Quintero, Joaquín,
_d1873-1944
_920922
700 1 _aBarrios, Angel.
_926017
852 _aES-MaACL
_jF-8661
_q. - Encuadernado con otras obras
999 _c19846
_d19846